5-Star Box Office Actresses Quiz Stats

Quiz Updated Jun 1, 2017

Also try: 5-Star Actresses V
Challenge
Share
Tweet
Embed
Score 0/55 Timer 08:00
1 Play Today
% Correct
Pretty Woman
92.7%
Erin Brockovich
91%
The Blind Side
91%
Gravity
89.9%
Speed
88.7%
Mr. & Mrs. Smith
83.4%
Runaway Bride
83.3%
The Silence of the Lambs
82.9%
Lara Croft: Tomb Raider
81.5%
Million Dollar Baby
81.4%
Les Misérables
81.3%
Ocean's Eleven
80.3%
The Proposal
79.4%
Panic Room
78%
My Best Friend's Wedding
77.2%
Maleficent
74.5%
American Hustle
74.3%
Salt
72.4%
Cold Mountain
68.6%
Snow White and the Huntsman
67.5%
A Beautiful Mind
67.5%
Days of Thunder
66.7%
The Heat
65.7%
Contact
65.4%
The Others
64.4%
The Dark Knight Rises
62.8%
Get Smart
62.2%
The Fate of the Furious
58.2%
% Correct
Maverick
57.5%
Prometheus
55.9%
Wanted
55.3%
Man of Steel
54.2%
Hancock
53.7%
The Lost World: Jurassic Park
53.5%
Batman Forever
53.2%
Freedom Writers
52.5%
P.S. I Love You
52%
Batman v Superman: Dawn of Justice
51.8%
Alice in Wonderland
50.6%
Interstellar
50.2%
Mad Max: Fury Road
49.1%
The Hunger Games: Mockingjay - Part 1
47.8%
Hulk
43.9%
The Hunger Games: Mockingjay - Part 2
43.5%
Catch Me If You Can
42.7%
Night at the Museum: Battle of the Smithsonian
41.8%
Noah
39.6%
Elysium
39.2%
He's Just Not That Into You
37.2%
The Day the Earth Stood Still
29.2%
Insomnia
28.8%
New Year's Eve
27.7%
Non-Stop
26.9%
Hannibal
26.3%
Just Go With It
19.9%

You're not logged in!

Compare scores with friends on all Sporcle quizzes.
Sign Up with Email
OR
Log In

You Might Also Like...

Show Comments

Extras

Top Quizzes Today


Score Distribution

Your Account Isn't Verified!

In order to create a playlist on Sporcle, you need to verify the email address you used during registration. Go to your Sporcle Settings to finish the process.